Los Agachados /

Esta publicación contiene 10 ejemplares de la historieta "Los Agachados" de Rius (Del No. 31 al 40).

Guardado en:
Bibliografiske detaljer
Hovedforfatter: Rius (autor)
Format: Bog
Sprog:spansk
Udgivet: México : Losada, 1968
Fag:
Tags: Tilføj Tag
Ingen Tags, Vær først til at tagge denne postø!

MARC

LEADER 00000nam^a2200000^a^4500
001 000026681
005 20250521000000.0
009 20260310084740.946
037 |a Acervo ITESO - Biblioteca 
041 |a ESP 
082 |a 741. 59  |b RIU V. 4 
100 |a Rius  |e (autor) 
245 1 4 |a Los Agachados /  |c Rius. 
264 1 |a México :  |b Losada,  |c 1968 
300 |a 1 v. (varias paginaciones) 
336 |a texto  |b txt  |2 rdacontenido 
337 |a sin mediación  |b n  |2 rdamedio 
338 |a volumen  |b nc  |2 rdasoporte 
520 |a Esta publicación contiene 10 ejemplares de la historieta "Los Agachados" de Rius (Del No. 31 al 40). 
545 0 |a Rius, pseudónimo de Eduardo del Río García (Zamora, 1934), considerado el caricaturista más popular de México, así como el creador de una forma de comunicación basada en el lenguaje de la historieta y el collage (libro-cómics, lo llama él), con la que ha publicado más de cien títulos, entre los que destacan: La panza es primero; La trukulenta historia del Kapitalismo; Filosofía para principiantes; Osama Tío Sam; Recetarius; Mis queridos agachados. Ha colaborado, entre otras, con las publicaciones Sucesos para todos, Excélsior, Siempre!, Proceso, La Jornada; ha fundado y dirigido La Gallina, Marca Diablo, El Mitote Ilustrado, y La Garrapata; es cofundador y codirector de El Chahuistle y El Chamuco. Es creador de Los supermachos y Los Agachados. Su labor ha sido reconocida con el Premio de la Asociación Mexicana de Periodistas (1959), Gran Prix de Montreal (1968), Premio Nacional de Periodismo (1987), Premio Forte del Marni de Sátira Política (1995). 
649 |a XX 
650 |a Medios de Comunicación 
650 |a Historietas y Caricaturas de Temas Políticos y Sociales 
650 |a Historietas y Caricaturas Mexicanas 
910 |a Fondo General 
920 |a Impresos - Libros 
930 |a Colección General 
905 |a 101 
901 |a 0266810100  |b IT1  |c ACC  |i 026681  |u 20250521 
902 |a https://opac.biblio.iteso.mx/vufind/Record/000026681